000 00210nam a2200109Ia 4500
100 _aHARDING T.SWANN.
942 _cBK
245 _aPOPULAR PACIFIC FRAUD.
260 _b#N/A
546 _aENGLISH
999 _c19973
_d19973